00533nam a2200229Ia 450000500170000000800460001702000180006303700100008104000080009104000080009904000080010704100080011504100080012308400080013110000190013924500470015826000230020526000090022836500050023736500080024285600530025020260324134317.0008 260324s9999 xx 000 0 eng d a9780203219850 aEBOOK aCRL beng cCRL 2eng aeng qCRL aP.R. Wilkinson 0aThesaurus of Traditional English Metaphors bTaylor and Francis c2002 a b510 uhttp://www.taylorfrancis.com/books/9780203219850